Library Banner

The idea of India (Record no. 85301)

MARC details
000 -LEADER
fixed length control field 00444nam a2200181Ia 4500
001 - CONTROL NUMBER
control field 72321
008 - FIXED-LENGTH DATA ELEMENTS--GENERAL INFORMATION
fixed length control field 160401s9999 xx 000 0 und d
020 ## - INTERNATIONAL STANDARD BOOK NUMBER
International Standard Book Number 9780140250589
040 ## - CATALOGING SOURCE
Transcribing agency PK-LaUMT
082 ## - DEWEY DECIMAL CLASSIFICATION NUMBER
Classification number 954.035
Item number KHI-I
100 ## - MAIN ENTRY--PERSONAL NAME
Personal name Khilnani, Sunil
245 #4 - TITLE STATEMENT
Title The idea of India
Statement of responsibility, etc Khilnani, Sunil
260 ## - PUBLICATION, DISTRIBUTION, ETC. (IMPRINT)
Place of publication, distribution, etc New York,USA:
Name of publisher, distributor, etc Penguin Books,
Date of publication, distribution, etc 1997
300 ## - PHYSICAL DESCRIPTION
Extent 363 p.
546 ## - LANGUAGE NOTE
Language note EN
650 ## - SUBJECT ADDED ENTRY--TOPICAL TERM
Topical term or geographic name as entry element India-Civilization
942 ## - ADDED ENTRY ELEMENTS (KOHA)
Koha item type Books
Holdings
Withdrawn status Lost status Damaged status Not for loan Home library Current library Date acquired Total Checkouts Full call number Barcode Date last seen Price effective from Koha item type
        UMT Main Campus UMT Main Campus 2016-04-01   954.035 KHI-I 98869 2016-04-01 2016-04-01 Books